[Event "Rohde op 09th"]
[Site "Sautron"]
[Date "2009.10.28"]
[Round "6"]
[White "Delorme, Axel"]
[Black "Milanovic, Danilo"]
[Result "1-0"]
[WhiteElo "2442"]
[BlackElo "2533"]
[Annotator "RR"]
[PlyCount "89"]
[EventDate "2009.10.24"]
[EventType "swiss"]
[EventRounds "9"]
[EventCountry "FRA"]
[SourceTitle "EXT 2010"]
[Source "ChessBase"]
[SourceDate "2010.11.25"]
[SourceVersion "1"]
[SourceVersionDate "2010.11.25"]
[SourceQuality "1"]

1. e4 d5 2. exd5 Qxd5 3. Nc3 Qd6 {La variante PYTEL relancée par TIVIAKOV
depuis quelques années} 4. d4 c6 (4... Nf6 {la grande ligne} 5. Nf3 c6 6. Ne5
Nbd7 7. Bf4 Nd5 8. Nxd5 Qxd5 9. Be2 Nxe5 10. Bxe5 Qxg2 11. Bf3 $44) 5. Nf3 Bg4
6. Be3 Nf6 7. h3 (7. Bc4) 7... Bh5 8. g4 $1 Bg6 9. Ne5 {[%cal Ge5g6]} Nd5 (9...
Nbd7 $142 {Sadvakasov,D (2615)-Tiviakov,S (2682) Calicut op 2007 (7) 1-0}) 10.
Nxd5 Qxd5 11. Nxg6 (11. Rg1 Nd7 12. c4 {1/2-1/2 Fedorchuk,S (2643)-Tiviakov,S 
(2670)/Sibenik 2009/Mega2009 Update 38}) 11... hxg6 12. Rg1 Nd7 13. Bg2 $14 {
[%csl Ge3,Gg2] les blancs ont la paire de B et l'avantage d'espace} (13. Qd2 e6
14. c4 Qd6 15. O-O-O Qb4 16. Qc2 Qa5 17. Kb1 Bd6 18. f4 O-O-O 19. Bg2 Qc7 20.
Rgf1 c5 21. d5 Rhe8 22. Bc1 e5 23. f5 gxf5 24. Qxf5 Re7 25. Be4 Kb8 26. h4 a6
27. Bg5 f6 {Sedlak,N (2508)-Kristovic,M (2346)/Croatia 2005/EXT 2007/1-0 (62)})
13... Qa5+ 14. c3 e6 15. Qb3 Qc7 16. O-O-O Bd6 17. Kb1 O-O-O 18. Rd2 Bf4 19. c4
$1 Kb8 20. Rgd1 $36 {les pièces blanches sont plus actives} Nb6 21. a4 Bxe3 22.
fxe3 Nc8 23. c5 $1 {[%csl Rc8,Gd6]} Rd7 (23... Ne7 24. e4 {[%csl Gd4,Ge4]}) 24.
Qc4 Ne7 25. e4 g5 26. b4 Ng6 {[%csl Rf4]} 27. Qc3 {[%cal Gc3h3,Gg6f4]} Nf4 28.
Bf1 Rhd8 29. Bc4 g6 (29... Rh8 30. d5 $1) 30. b5 f5 31. a5 cxb5 32. Bxb5 Rh7
33. d5 $1 Rxh3 (33... exd5 $5 34. exd5 Rxh3 35. d6 Rxc3 36. dxc7+ Kxc7 37. Rxd8
Rb3+ 38. Kc2 Rxb5 $132) 34. Qb4 exd5 35. exd5 {[%csl Gd5]} Qe7 (35... Qe5) 36.
Rd4 Qe3 37. Ba4 Qc3 38. c6 Qxb4+ 39. Rxb4 Rxd5 40. Rxb7+ Kc8 41. Re1 {[%csl
Rc8]} Rd2 (41... Rd6 $142) 42. gxf5 Ne2 43. fxg6 Re3 44. g7 Rd8 45. Rxa7 1-0

[Event "Cappelle op 31st"]
[Site "Cappelle la Grande"]
[Date "2015.03.02"]
[Round "3"]
[White "Perez Ponsa, Federico"]
[Black "Kantans, Toms"]
[Result "1-0"]
[WhiteElo "2558"]
[BlackElo "2464"]
[Annotator "RR"]
[PlyCount "59"]
[EventDate "2015.02.28"]
[EventType "swiss"]
[EventRounds "9"]
[EventCountry "FRA"]
[SourceTitle "EXT 2016"]
[Source "ChessBase"]
[SourceDate "2015.10.08"]
[SourceVersion "1"]
[SourceVersionDate "2015.10.08"]
[SourceQuality "1"]

1. e4 d5 2. exd5 Qxd5 3. Nc3 Qd6 4. d4 g6 {Une ligne secondaire souvent jouée
par le GMI KOVCHAN} (4... Nf6 5. Nf3 g6 6. Nb5 Qb6 7. Be2 c6 8. Na3 Bg7 9. O-O
O-O 10. c3 Qc7 11. Bg5 Bf5 12. Qc1 Nbd7 13. Bf4 Qc8 14. Rd1 Rd8 15. Nc4 c5 16.
d5 Nb6 17. d6 Qe6 18. Bf1 Nxc4 19. Ng5 Qc8 20. Bxc4 e6 21. Be5 Qc6 22. a4 a6
23. Be2 c4 24. Rd4 Qc5 25. Nf3 b5 26. h3 h6 27. d7 Qe7 28. axb5 axb5 29. Rxa8
Rxa8 30. Qd1 Nd5 31. Bxg7 Kxg7 32. Ne5 f6 33. Nc6 Qxd7 34. Nb4 {Andreikin,D 
(2722)-Caruana,F (2844) Baku 2014 1-0 (64)}) 5. Nf3 Bg7 6. Ne4 Qb6 {Le MI
avait joué cette nouveauté quelques semaines plus tôt mais elle semble trop
lente} (6... Qe6 {[%cal Ge6e1]} 7. Qe2 {Aravindh,C (2439)-Kovchan,A (2558)
Iasi op 2014 (9) 0-1}) 7. Bc4 Be6 8. d5 $146 (8. Bb3 Bxb3 9. axb3 Nf6 10. Nxf6+
Bxf6 11. O-O O-O 12. Be3 Rd8 13. Qe2 Qe6 14. Qb5 Qc6 15. Qc4 b5 16. Qe2 a6 17.
c4 Nd7 18. Rfc1 bxc4 19. bxc4 Rdb8 20. Ra2 e6 21. h3 a5 22. Qd2 a4 23. Bg5 Bg7
24. Qc2 Rb3 25. Be3 Rab8 26. d5 exd5 27. cxd5 Qxc2 28. Rxc2 Rxb2 29. Rcxb2 Rxb2
30. Rxa4 Rb1+ 31. Kh2 Nb6 32. Re4 f6 33. d6 Bf8 34. dxc7 Bd6+ 35. Bf4 f5 36.
Rd4 Bxf4+ 37. Rxf4 Rc1 {Solozhenkin,E (2448)-Kantans,T (2479) Finland 2015 1-0}
) 8... Bf5 9. Ng3 Bg4 10. O-O Nf6 11. Bb3 (11. h3 Bxf3 12. Qxf3 $14 {[%csl Gc1,
Gc4][%cal Gc4b3,Gf1d1]}) 11... O-O 12. h3 Bxf3 13. Qxf3 c6 14. Be3 $14 Qc7 15.
c4 $1 Rd8 16. Rfe1 (16. Rac1 {[%cal Gc1c7]}) 16... cxd5 $6 {Les Blancs sont
mieux développés et l'ouverture du centre est risqué} 17. cxd5 Na6 18. d6 $1
(18. Rac1 $143 {Plus naturel mais aussi moins fort}) 18... Qxd6 19. Qxb7 $36 {
[%csl Ra6,Gb3]} Rdb8 20. Qf3 Rc8 21. Rad1 $40 Qb4 22. Bd2 Qc5 23. Ne4 Qf5 24.
Qxf5 gxf5 25. Ng5 {[%csl Re7,Rf7]} e6 26. Nxe6 $1 Ne4 27. Nxg7 Kxg7 28. Bd5
Rab8 29. Bxe4 fxe4 30. Bc3+ 1-0

[Event "Cappelle op 31st"]
[Site "Cappelle la Grande"]
[Date "2015.03.07"]
[Round "9"]
[White "Pacher, Milan"]
[Black "Szabo, Gergely Andras"]
[Result "0-1"]
[WhiteElo "2432"]
[BlackElo "2543"]
[Annotator "RR"]
[PlyCount "82"]
[EventDate "2015.02.28"]
[EventType "swiss"]
[EventRounds "9"]
[EventCountry "FRA"]
[SourceTitle "EXT 2016"]
[Source "ChessBase"]
[SourceDate "2015.10.08"]
[SourceVersion "1"]
[SourceVersionDate "2015.10.08"]
[SourceQuality "1"]

1. e4 d5 2. exd5 Qxd5 3. Nc3 Qd6 4. d4 c6 5. Nf3 Nf6 6. Be3 (6. Ne5) 6... Bf5
7. Bd3 $6 {[%csl Re3]} (7. Qd2 e6) 7... Bxd3 8. Qxd3 e6 $11 (8... Na6 9. O-O-O)
(8... Nbd7 9. O-O-O {Pacher,M (2432)-Szabo,G (2543) Cappelle open 2015 (9) 0-1}
) 9. Ne5 Nbd7 10. f4 Qc7 11. O-O-O Bb4 12. Ne2 O-O 13. Bf2 Rac8 14. Kb1 Rfd8
15. Qf3 Bd6 16. g4 c5 17. g5 Nd5 18. Nxd7 Rxd7 19. c4 $6 {[%csl Rb1] Les
Blancs qui avaient réalisé une norme de GMI dans le tournoi s'emballent un
peu et ils perdent le sens du danger.} Nb6 $1 $36 {[%csl Rc4,Rd4]} 20. d5 exd5
21. cxd5 Nc4 $1 22. Ng3 Bxf4 23. Qc3 b5 24. Nf5 Be5 25. Qh3 Rcd8 26. Rhe1 Rxd5
27. Rxd5 Rxd5 28. Bg3 Qd7 29. Qg4 Bxg3 30. Nxg3 f5 $1 31. Qe2 Rd2 32. Qe8+ Qxe8
33. Rxe8+ Kf7 34. Rc8 f4 35. Ne4 f3 36. Rxc5 Re2 37. Ng3 Rxh2 38. Rxb5 f2 39.
Rf5+ Kg6 40. Rf4 Ne3 41. a4 Rg2 0-1

[Event "Plancoet op-A 10th"]
[Site "Plancoet"]
[Date "2013.08.02"]
[Round "7"]
[White "Meng, Roger"]
[Black "Milchev, Nikolay"]
[Result "1/2-1/2"]
[WhiteElo "2307"]
[BlackElo "2433"]
[Annotator "RR"]
[PlyCount "40"]
[EventDate "2013.07.28"]
[EventType "swiss"]
[EventRounds "9"]
[EventCountry "FRA"]
[SourceTitle "EXT 2017"]
[Source "ChessBase"]
[SourceDate "2016.10.25"]
[SourceVersion "1"]
[SourceVersionDate "2016.10.25"]
[SourceQuality "1"]
[TimeControl "40/5400+30:1800+30"]

1. e4 d5 2. exd5 Qxd5 3. Nc3 Qd6 4. d4 Nf6 5. g3 (5. Nf3 c6 6. h3 g6 7. Ne5
Nbd7 8. Bf4 Nxe5 9. Bxe5 Qb4 10. a3 Qa5 11. Bc4 Bg7 12. O-O O-O 13. Qe2 Bf5 14.
g4 Bd7 15. f4 e6 16. h4 h5 17. g5 Ng4 18. Ne4 Qb6 19. c3 Nxe5 20. fxe5 c5 21.
Nxc5 Bc6 22. Rf4 Qc7 23. Raf1 b6 24. Ne4 Bxe4 25. Rxe4 Rae8 26. Bb5 Re7 27. a4
Qd8 28. Ref4 Rc7 29. Qf3 Re7 30. Bd3 Rc7 31. Be4 Rd7 32. Kg2 Rc7 33. Qe2 Rd7
34. R1f3 Rc7 {Vallejo Pons,F (2706)-Georgiev,K (2636) Khanty-Mansiysk 2013 1-0}
) 5... Bg4 6. Nf3 Nc6 7. Nb5 Qe6+ $146 (7... Qd7 {[%cal Gd7c7,Ge8c8]} 8. Bf4
Nd5 9. Be2 a6 10. Nc3 Nxf4 11. gxf4 e6 12. Rg1 Bxf3 13. Bxf3 O-O-O 14. d5 Nb4
15. a3 Nxd5 16. Nxd5 exd5 17. Rg5 Qb5 18. Bg4+ Kb8 19. Be2 Qc6 20. Bf3 Qb5 21.
Be2 Qb6 22. b4 Be7 23. Rg3 Bh4 24. Rf3 Rhe8 25. Kf1 Re6 26. Rb1 Rde8 27. Bd3 g6
28. a4 f5 29. a5 Qd4 30. Qd2 Bf6 31. b5 axb5 32. Rxb5 Qa1+ 33. Kg2 Bc3 34. Rb1
Qxa5 35. Ba6 Bxd2 36. Rxb7+ Ka8 {0-1 (36) Cobo Garrido,D (2062)-Lopez Gracia,F
(2319) Spain 2011}) 8. Be2 O-O-O 9. Ng5 $1 Qxe2+ 10. Qxe2 Bxe2 11. Kxe2 a6 12.
Nxf7 $13 {La position est trés compliquée mais les Noirs semblent la tenir.}
axb5 13. Nxh8 Nxd4+ 14. Kf1 Nxc2 15. Rb1 Rd1+ 16. Kg2 Ne1+ 17. Kf1 Nd3+ 18. Kg2
Ne1+ {Forçant la nulle} 19. Kf1 Nd3+ 20. Kg2 Ne1+ 1/2-1/2

[Event "Plancoet op-A 10th"]
[Site "Plancoet"]
[Date "2013.07.31"]
[Round "5"]
[White "Guliyev, Namig"]
[Black "Kukov, Velislav"]
[Result "1-0"]
[WhiteElo "2569"]
[BlackElo "2370"]
[Annotator "RR"]
[PlyCount "103"]
[EventDate "2013.07.28"]
[EventType "swiss"]
[EventRounds "9"]
[EventCountry "FRA"]
[SourceTitle "EXT 2017"]
[Source "ChessBase"]
[SourceDate "2016.10.25"]
[SourceVersion "1"]
[SourceVersionDate "2016.10.25"]
[SourceQuality "1"]
[TimeControl "40/5400+30:1800+30"]

1. e4 d5 2. exd5 Qxd5 3. Nc3 Qd6 4. g3 Nf6 5. Bg2 g6 (5... c6) 6. Nf3 (6. Nge2
Bg7 7. O-O O-O 8. d3 c6 9. Rb1 a5 10. Bf4 e5 11. Be3 Nd5 12. Bd2 Be6 13. a3 a4
14. Ne4 Qc7 15. c4 Nb6 16. Nc5 Bf5 17. Nc3 N8d7 18. Nxd7 Nxd7 19. Be3 Qa5 20.
Ne4 Bxe4 21. dxe4 Rfd8 22. Qc2 Nc5 23. Rbd1 Nb3 24. Rxd8+ Rxd8 25. Rd1 Bf8 26.
Bg5 Rd4 27. Be3 Rd8 28. Bg5 Rd4 29. Be3 Rd6 30. Rxd6 Qe1+ 31. Bf1 Bxd6 32. c5
Be7 33. Kg2 Qa5 34. Bc4 Nxc5 35. Bh6 Qd8 {Smirin,I (2663)-Inarkiev,E (2680)
Khanty-Mansiysk 2013 1/2-1/2}) 6... Bg7 7. O-O c6 8. d4 O-O 9. Re1 (9. Bf4)
9... Bg4 10. Bf4 Qd8 11. h3 Bxf3 12. Qxf3 e6 13. Rad1 $32 (13. Be5 Nbd7 14. Bd6
Re8 15. Rad1 Nb6 16. Be5 a5 17. g4 h6 18. Ne2 Nfd7 19. Bxg7 Kxg7 20. c4 Qe7 21.
b3 Nf6 22. Ng3 Rad8 23. Qe3 Qc7 24. f4 Nbd7 25. g5 Ng8 26. Ne4 hxg5 27. fxg5
Ne7 28. Qc3 Kg8 29. Qg3 Qxg3 30. Nxg3 Nb6 31. Ne4 Kg7 32. Nc5 Rb8 33. Re5 Nf5
34. Ne4 Red8 35. Rxa5 Nxd4 36. Kf2 Nf5 37. Rxd8 Rxd8 38. Ra7 Rb8 39. Nf6 Nc8
40. Ra4 Ncd6 41. Rb4 Ra8 42. a4 Ra7 {Kreuzholz,M (2343)-Muse,M (2448) Germany
2005 1-0}) 13... Nbd7 14. Nb1 $5 {[%cal Gb1a3,Ga3c4] Comme souvent l'avance de
développement des Blancs n'est pas facile à convertir} Qb6 (14... Qe7 15. Na3
Nd5 16. Bc1) 15. Bc1 Rfe8 16. Na3 Qc7 17. Bf4 e5 18. dxe5 Nxe5 19. Rxe5 Rxe5
20. Nc4 Nd5 21. Nxe5 Bxe5 22. Bc1 Nb6 23. b3 Rd8 $132 24. c4 Rxd1+ 25. Qxd1 Qd6
26. Qxd6 Bxd6 27. Be3 $14 {[%csl Ra7,Rb6,Rb7,Ge3,Gg2] Les Blancs ont un léger
avantage dans cette finale avec la paire de B et le fait que le N manque de
cases fortes au centre} Nc8 28. Kf1 Kf8 29. Ke2 Ke7 30. Kd3 Ke6 31. c5 Bc7 32.
b4 a6 {[%csl Rb6,Rb7]} 33. a4 Ne7 34. Kc4 f6 (34... Nd5 35. Bxd5+ cxd5+ 36. Kd4
{[%csl Rd5][%cal Gb4b5]}) 35. h4 h5 36. Bd2 (36. Bh3+ f5 37. Bg5 Nd5 $132)
36... Be5 37. Bh3+ f5 38. Bg2 Bc7 39. b5 $1 {[%cal Gg2b7]} axb5+ 40. axb5 Be5
41. Bg5 Bc7 42. b6 $1 {[%csl Gb6,Rb7] Gagne un tempo sur le B et le Pb6 est
trés fort car les blancs menacent le sacrifice Bc6 ou Bf1a6} (42. Bxe7 $6 Kxe7
43. bxc6 bxc6 44. Bxc6 Ba5 $11 {[%csl Ra5,Rc6][%cal Ga5e1]}) 42... Be5 $2 (
42... Bb8) 43. f4 Bf6 $2 {Perd le sens du danger car le B controlait la
diagonale importante b8h2} 44. Bxf6 $1 Kxf6 45. Kd4 {[%cal Gg2f1,Gf1a6]} Ke6
46. Bf1 Kd7 47. Bc4 (47. Ke5 Nd5 48. Bc4 {[%cal Ge5f6]}) 47... Nc8 48. Ke5 Ne7
49. Be6+ {Les Noirs sont proches du zugzwang} Kd8 50. Kd6 Nd5 $22 51. Bxd5 cxd5
52. c6 1-0

[Event "Cap d'Agde GP CCAS"]
[Site "Cap d'Agde"]
[Date "2013.10.28"]
[Round "3"]
[White "Doluhanova, Evgeniya"]
[Black "Enchev, Ivajlo"]
[Result "1-0"]
[WhiteElo "2326"]
[BlackElo "2449"]
[Annotator "RR"]
[PlyCount "69"]
[EventDate "2013.10.26"]
[EventType "swiss"]
[EventRounds "9"]
[EventCountry "FRA"]
[SourceTitle "EXT 2016"]
[Source "ChessBase"]
[SourceDate "2015.10.08"]
[SourceVersion "1"]
[SourceVersionDate "2015.10.08"]
[SourceQuality "1"]

1. e4 d5 2. exd5 Qxd5 3. Nc3 Qd6 4. d4 Nf6 5. Nb5 {[%cal Gb5d6,Gc2c4] Une
ligne secondaire} (5. Nf3 g6 6. Bg5 c6 7. Qd2 Bf5 8. Bc4 Nbd7 9. Bf4 Qb4 10.
Bb3 Bg7 11. O-O O-O 12. Rfe1 Rae8 13. h3 Nb6 14. a3 Qa5 15. Ne5 Qa6 16. Bh6
Nbd5 17. Bxg7 Kxg7 18. Na4 Bc8 19. c4 Nc7 20. Rac1 Rd8 21. Nd3 Rxd4 22. Qc3 c5
23. Ndxc5 Qd6 24. Rxe7 b6 25. Rxc7 bxc5 26. Nxc5 Qxc7 27. Qxd4 Rd8 28. Qe3 Re8
29. Qd4 Rd8 30. Qe3 Re8 31. Qd4 Rd8 {1/2-1/2 (31) Grischuk,A (2785)-Tiviakov,S
(2663) Antalya 2013}) 5... Qb6 (5... Qd8 6. c4 c6 7. Nc3 Bg4 8. f3 Bf5 9. g4
Bg6 10. h4 $36 {Najer,E (2634)-Kharitonov,A (2524) Moscow op-A 04th 2008 (5)
1-0}) 6. c4 c6 7. Nc3 g6 8. h3 $1 (8. Nf3 $143 Bg4 {Motylev,A (2677)-Inarkiev,
E (2676) Poikovsky Karpov 10th 2009 (5) 1/2}) 8... Bg7 9. Nf3 Bf5 10. Bd3 (10.
g4 $5) (10. Qe2 O-O 11. g4 Be6 12. Be3 {[%cal Gd4d5];Soltanici,R (2367)-Smith,
B (2481) Baia Sprie Limpedea Cup 3rd 2011 (5) 1/2}) 10... Bxd3 11. Qxd3 O-O 12.
O-O Rd8 $146 {[%cal Gd8d3]} (12... Nbd7 13. Re1 Rfe8 14. Bf4 Rad8 15. Qc2 c5
16. d5 e6 17. d6 Nh5 18. Bh2 Qb4 19. Nb5 Nb6 20. g4 Nf6 21. b3 a6 22. Nc7 Rf8
23. Be5 Nbd7 24. Bc3 Qb6 25. Rad1 Qc6 26. Ng5 Rb8 27. f4 b5 28. f5 exf5 29.
gxf5 bxc4 30. bxc4 h6 31. Nge6 fxe6 32. fxe6 Kh7 33. exd7 Qxd7 34. Ne6 Rf7 35.
Nxg7 Qxh3 36. Rd3 Qg4+ 37. Qg2 Qxc4 38. Rf3 Kxg7 39. Rxf6 Qxc3 40. Rxf7+ Kxf7
41. Qf2+ Kg8 42. d7 {Kovernikov,B (2331)-Fua,N (1982) ICCF email 2009 1-0}) 13.
Qe2 (13. Rd1) (13. Re1) 13... e6 14. Bf4 Qa6 {[%cal Gb8d7,Gd7b6,Gb6c4]} 15.
Rad1 $32 {[%csl Ra6,Ra8,Rb8]} Nbd7 16. Rfe1 c5 17. Nb5 Nh5 $6 18. Bc7 $1 Rdc8
19. dxc5 Nxc5 20. b4 Na4 21. Be5 $40 {[%csl Ra4,Ra6,Ra8,Rh5] Les pièces
Blanches dominent l'échiquier alors que celles des Noirs sont désorganisées}
Nb6 22. Nc7 (22. Nd6 Rxc4 23. Bxg7 Nxg7 24. Nxc4 $18) 22... Rxc7 23. Bxc7 Nxc4
24. Ne5 Rc8 $2 (24... Nxe5) 25. Qxc4 Qxc4 26. Nxc4 Rxc7 27. Ne5 Bf8 28. a3 a5
29. bxa5 Bxa3 30. Rd8+ Kg7 31. Rd7 Rxd7 32. Nxd7 Bb4 33. Re5 Nf4 34. Rb5 Nd5
35. Nb6 1-0

[Event "POL-chT 66th"]
[Site "Katowice"]
[Date "2010.09.05"]
[Round "2"]
[White "Baklan, Vladimir"]
[Black "Tomczak, Jacek"]
[Result "0-1"]
[WhiteElo "2621"]
[BlackElo "2533"]
[Annotator "RR"]
[PlyCount "126"]
[EventDate "2010.09.04"]
[EventType "team-tourn"]
[EventRounds "9"]
[EventCountry "POL"]
[SourceTitle "EXT 2016"]
[Source "ChessBase"]
[SourceDate "2015.10.08"]
[SourceVersion "1"]
[SourceVersionDate "2015.10.08"]
[SourceQuality "1"]
[WhiteTeam "Lublin"]
[BlackTeam "Poznan Pocztowiec"]
[WhiteTeamCountry "POL"]
[BlackTeamCountry "POL"]

1. e4 d5 2. exd5 Qxd5 3. Nc3 Qd6 4. d4 Nf6 5. Nf3 g6 {J TOMCZACK double les
Noirs et il rejoue la même variante} (5... c6 6. g3 Bg4 7. Bg2 e6 8. h3 Bxf3
9. Bxf3 Be7 10. O-O O-O 11. Ne2 Qc7 12. c3 Nbd7 13. Bg2 a6 14. Qb3 b5 15. Bd2
Nb6 16. Qc2 Rac8 17. Rad1 Nfd5 18. Bc1 Bd6 19. Kh1 c5 20. dxc5 Qxc5 21. Qe4
Rfe8 22. Nd4 b4 23. cxb4 Qxb4 24. a3 Qc5 25. Qd3 Qc4 26. Qxc4 Nxc4 27. Nf5 Be5
28. Bxd5 exd5 29. b3 Nb6 30. Be3 Rb8 31. a4 g6 32. Nh6+ Kf8 33. Bc5+ Kg7 34.
Ng4 Nd7 35. Be3 {Van Kampen,R (2636)-Tiviakov,S (2656) Montreal 2014 1/2-1/2 
(76)}) 6. g3 (6. Nb5 {Macieja,B (2649)-Tomczak,J (2533) 66th POL-ChT 2010 (1)
1-0}) 6... Bg7 7. Bg2 Qa6 $5 {[%csl Re1]} (7... c6) 8. Bf4 c6 9. Qd2 {[%cal
Ge1c1,Gf4h6]} O-O 10. Bh6 (10. O-O-O b5) 10... Bxh6 11. Qxh6 Bf5 12. h4 $5 $146
(12. O-O-O b5 13. a3 b4 14. axb4 Qa1+ 15. Nb1 Na6 16. Nh4 Bxc2 17. Kxc2 Nxb4+
18. Kd2 Rad8 19. Ke2 Qa6+ 20. Kf3 c5 21. g4 Rxd4 22. Rxd4 cxd4 23. Rd1 Nd3 24.
Qd2 e5 25. Kg3 e4 26. f4 Rb8 27. Bf1 Qe6 28. h3 Rb3 {0-1 (28) Berbatov,K (2481)
-Chatalbashev,B (2555) Albena 2010}) 12... Bxc2 13. h5 Nbd7 (13... Nxh5 14.
Rxh5 gxh5 15. Ng5) 14. hxg6 Bxg6 15. Nh4 Qd3 $1 {[%csl Re1] Il nest pas
certain que les Blancs aient assez de compensation pour le P sacrifié} 16. Rd1
Qc4 17. Bh3 {[%cal Gh4f5]} e6 18. Nxg6 fxg6 19. Rd2 Rfe8 20. Qh4 Rad8 21. Re2
c5 22. dxc5 Qxh4 23. gxh4 Nxc5 $17 {[%csl Re1][%cal Gc5d3]} 24. O-O e5 25. Bg2
Rd4 26. Rc2 b6 27. Nb5 Rxh4 28. Nxa7 e4 {[%cal Gc5d3]} 29. Nb5 (29. Rd1) 29...
Re5 (29... Rd8) 30. Nd6 Nd5 31. b4 Nxb4 32. Rc3 Nd5 $19 33. Rg3 Nf4 34. Re1
Reh5 35. Kf1 Nxg2 36. Rxg2 Kf8 37. Rb1 Rd5 38. Nc4 Rd4 39. Nxb6 Rd2 40. Kg1
Rxa2 41. Nd5 Rd2 42. Ne3 Ne6 43. Rg4 Rxg4+ 44. Nxg4 Ng5 45. Rb7 Nh3+ 46. Kf1 h5
47. Ke1 Rd5 48. Ne3 Re5 49. Kf1 Re7 50. Rb8+ Kg7 51. Kg2 Nf4+ 52. Kg3 Nd3 53.
Ra8 Rf7 54. Ra2 Rf3+ 55. Kg2 Nxf2 56. Ra7+ Kh6 57. Nc4 h4 58. Ne5 h3+ 59. Kh2
Rf5 60. Nf7+ Kh5 61. Nd6 Rf3 62. Kg1 e3 63. Nc4 Ng4 0-1

[Event "POL-chT 66th"]
[Site "Katowice"]
[Date "2010.09.04"]
[Round "1"]
[White "Macieja, Bartlomiej"]
[Black "Tomczak, Jacek"]
[Result "1-0"]
[WhiteElo "2649"]
[BlackElo "2533"]
[Annotator "RR"]
[PlyCount "111"]
[EventDate "2010.09.04"]
[EventType "team-tourn"]
[EventRounds "9"]
[EventCountry "POL"]
[SourceTitle "EXT 2016"]
[Source "ChessBase"]
[SourceDate "2015.10.08"]
[SourceVersion "1"]
[SourceVersionDate "2015.10.08"]
[SourceQuality "1"]
[WhiteTeam "Wroclaw AZS WSB"]
[BlackTeam "Poznan Pocztowiec"]
[WhiteTeamCountry "POL"]
[BlackTeamCountry "POL"]

1. e4 d5 2. exd5 Qxd5 3. Nc3 Qd6 (3... Qa5 4. d4 Nf6 5. Bd2 Bg4 6. f3 Bd7 7.
Bc4 Qb6 8. Nge2 a6 (8... e6 9. O-O Be7 10. Kh1 O-O 11. a4 a5 12. Ne4 Nc6 {
Gharamian,T (2650)-Prie,E (2529) BEL-chT 1011 2010 (6.1) 1-0} (12... Bc6 $142)
13. c3) 9. O-O Nc6 10. Kh1 e6 11. Be3 Nb4 12. Nf4 Bc6 13. Qe2 $5) 4. d4 Nf6 5.
Nf3 g6 $5 (5... c6 6. g3 Bg4 7. Bg2 e6 8. h3 Bxf3 9. Bxf3 Be7 10. O-O O-O 11.
Ne2 Qc7 12. c3 Nbd7 13. Bg2 a6 14. Qb3 b5 15. Bd2 Nb6 16. Qc2 Rac8 17. Rad1
Nfd5 18. Bc1 Bd6 19. Kh1 c5 20. dxc5 Qxc5 21. Qe4 Rfe8 22. Nd4 b4 23. cxb4 Qxb4
24. a3 Qc5 25. Qd3 Qc4 26. Qxc4 Nxc4 27. Nf5 Be5 28. Bxd5 exd5 29. b3 Nb6 30.
Be3 Rb8 31. a4 g6 32. Nh6+ Kf8 33. Bc5+ Kg7 34. Ng4 Nd7 35. Be3 {Van Kampen,R 
(2636)-Tiviakov,S (2656) Montreal 2014 1/2-1/2 (76)}) (5... a6 6. g3 {[%cal
Gc1f4]}) 6. Nb5 {Comme les Noirs ont évité les lignes principales c6 et a6,
les Blancs relèvent le défi théorique en tentant de profiter de la position
un peu exposée de la Qb6} (6. g3 {Baklan,V (2621)-Tomczak,J (2533) 66th
POL-ChT 2010 (2) 0-1}) 6... Qb6 (6... Qd8 7. Bf4 Na6 8. c4 $14 {Bacrot,E (2705)
-Tiviakov,S (2659) Bundesliga 1213 2012 (14.3) 1-0}) 7. c4 (7. Bf4 Nd5 8. Be5
f6 9. Bg3 a6 10. c4 axb5 11. cxd5 e6 $13 {Petrosian,T (2613)-Kurajica,B (2535)
EU-Cup 26th Plovdiv 2010 (4.5) 1-0}) 7... c6 8. Nc3 (8. c5 Qd8 9. Nc3 Bg7 10.
Bc4 O-O 11. Ne5 Nbd7 12. O-O {Aguera Naredo,J (2345)-Tiviakov,S (2647) Oslo op
2011 (1) 1/2} (12. Qe2 Nd5 13. O-O Nxe5 14. dxe5 Bf5 15. Rd1 Nxc3 (15... e6 16.
g4) 16. bxc3 Qc7 17. e6 $14 {[%csl Rf5]})) 8... Bg7 9. h3 (9. Be2) 9... Bf5 10.
Be2 O-O 11. O-O Rd8 12. Re1 (12. Na4 Qc7 13. Be3 (13. Qb3)) 12... Nbd7 13. Qb3
Ne4 14. Bf1 (14. g4 $5 Nxc3 15. bxc3 Be4 (15... Be6 16. Bf1) 16. Nd2) 14...
Nxc3 15. bxc3 e5 $132 16. Nxe5 Nxe5 17. dxe5 Re8 $146 (17... Rd7 18. Bf4 Rad8
19. g4 Be6 20. Qxb6 axb6 21. Reb1 f6 22. exf6 Bxf6 23. Rxb6 Bxc3 24. Rab1 Rd1
25. Kg2 Rxb1 26. Rxb1 b5 27. cxb5 cxb5 28. Bxb5 Bxa2 29. Rc1 Bd2 30. Bxd2 Rxd2
31. Rc8+ Kg7 32. Rc7+ Kg8 33. Kg3 g5 34. f3 h6 35. h4 Bf7 36. Ba6 Rd6 37. Bb5
Kf8 38. Bd7 Ke7 39. Bf5+ Kf6 40. f4 gxf4+ 41. Kxf4 Rd4+ 42. Ke3 Rc4 43. Rd7 h5
44. g5+ Kxf5 45. Rxf7+ Ke5 46. Re7+ Kf5 {1/2-1/2 (46) Venkatesh,M (2506)
-Spasov,V (2565) Golden Sands 2013}) 18. Bf4 {[%cal Gg2g4] Le P gagné par les
Blancs ne vaut pas grand-chose} h5 $1 (18... Rad8 19. g4) 19. Re2 Re7 20. Rae1
Rae8 21. g3 f6 22. Qxb6 axb6 23. Rb2 fxe5 24. Bg5 Rd7 25. Rxb6 Ra8 26. Rb2 e4
27. Rc1 Ra4 $36 28. Be3 Be6 29. Rcb1 Bxc4 30. Bxc4+ Rxc4 31. Rxb7 Rxb7 32. Rxb7
Bxc3 33. Ra7 Bd4 {La finale de R est un peu meilleure pour les Blancs} 34. Bxd4
Rxd4 35. Kf1 Rd2 36. Ke1 Rc2 37. a4 e3 (37... Ra2 {[%csl Ga2,Ra7] Plus simple
et la position des R donne des compensations suffisantes aux Noirs} 38. a5 Kf8
39. a6 $11 {[%csl Ra7]}) 38. fxe3 Rg2 39. a5 Rxg3 40. Kf2 Rxh3 41. e4 Rh2+ $6 (
41... Ra3 $142 {[%csl Ga3,Ra7,Rf2] Le K Blanc reste coupé}) 42. Kg3 $1 Re2 $2
(42... Ra2 $8) 43. a6 h4+ $2 44. Kh3 Re3+ 45. Kh2 Re2+ $2 46. Kh3 Re3+ 47. Kh2
(47. Kxh4 Rxe4+ 48. Kg5 $18 Ra4 49. Kxg6 Kf8 (49... c5 50. Ra8#) 50. Rf7+ Ke8
51. a7 Rg4+ 52. Kf5) 47... Re2+ 48. Kg1 Ra2 {Trop tard} 49. e5 c5 50. e6 Kf8
51. Rf7+ Ke8 52. a7 c4 53. Rh7 g5 54. Kf1 g4 55. Rxh4 Ke7 56. Rh8 1-0